Iran political map /

Bibliographic Details
Corporate Author: Sāzmān-i Naqshahʹbardārī-i Kishvar
Format: Map
Language:English
Published: Tehran : The Centre, 1967.
Subjects:

MARC

Tag First Indicator Second Indicator Subfields
LEADER 00000cem a2200000Ma 4500
001 in00002581313
005 20151201115908.0
007 aj canzn
008 980306s1967 ir b a f 0 eng d
029 0 |a AU@  |b 000013721630 
034 1 |a a  |b 2500000  |d E0440000  |e E0640000  |f N0400000  |g N0240000 
035 |a (OCoLC)222179368 
035 |a (OCoLC)ocn222179368 
040 |a AU@  |b eng  |c AU@  |d OCLCQ  |d TEF  |d UtOrBLW 
043 |a a-ir--- 
045 0 |b 1967 
049 |a TXAM 
050 4 |a G7621.F7 1967  |b .S2 
052 |a 7621 
066 |c (3  |c (4 
110 2 |6 880-01  |a Sāzmān-i Naqshahʹbardārī-i Kishvar. 
245 1 0 |a Iran political map /  |c Plan Organization, National Cartographic Centre. 
255 |a Scale 1:2 500 000  |c (E 44°--E 64°/N 40°--N 24°). 
264 1 |a Tehran :  |b The Centre,  |c 1967. 
300 |a 1 map :  |b color ;  |c 71 x 76 cm. 
336 |a cartographic image  |b cri  |2 rdacontent 
337 |a unmediated  |b n  |2 rdamedia 
338 |a sheet  |b nb  |2 rdacarrier 
500 |a Includes distances chart. 
500 |a Shows administrative divisions. Relief shown by shading. 
500 |a Cartographic material. 
651 0 |a Iran  |v Maps. 
651 0 |a Iran  |x Administrative and political divisions  |v Maps. 
880 2 |6 110-01/(3/r  |a سازمان نقشه‌ردارى کشور. 
945 |a contractmaps 
946 |a maps 
947 |a A14838058945 
948 |a Cataloged  |b h  |c 2010/4/21  |d c  |e smckenzi 
994 |a C0  |b TXA 
999 |a MARS 
999 f f |s 0b661c97-3cf8-3b15-af78-c0c3e8810c98  |i 9c800863-6dbb-3a80-9fd6-183f67576e66  |t 0 
952 f f |p normal  |a Texas A&M University  |b College Station  |c Sterling C. Evans Library  |d Evans: Maps (2nd floor)  |t 0  |e G7621.F7 1967 .S2  |h Library of Congress classification  |i unmediated -- sheet  |m A14838058945 
952 f f |p normal  |a Texas A&M University  |b College Station  |c Sterling C. Evans Library  |d Evans: Maps (2nd floor)  |t 0  |e G7621.F7 1967 .S2  |h Library of Congress classification  |i unmediated -- sheet  |m A14838058597 
998 f f |a G7621.F7 1967 .S2  |t 0  |l Evans: Maps (2nd floor) 
998 f f |a G7621.F7 1967 .S2  |t 0  |l Evans: Maps (2nd floor)